[Event "World Rapid 2017"]
[Site "Riyadh KSA"]
[Date "2017.12.27"]
[Round "8.53"]
[White "Dobrov, Vladimir"]
[Black "Sethuraman, S.P."]
[Result "0-1"]
[WhiteTitle "GM"]
[BlackTitle "GM"]
[WhiteElo "2515"]
[BlackElo "2646"]
[WhiteFideId "4136594"]
[BlackFideId "5021596"]
[EventDate "2017.12.26"]

1. d4 Nf6 2. c4 e6 3. Nf3 d5 4. g3 dxc4 5. Bg2 a6 6. O-O Nc6 7. e3 Rb8 8. Nfd2
Qd7 9. Nxc4 b5 10. Ncd2 Bb7 11. Nc3 Be7 12. a4 b4 13. Nce4 Nxe4 14. Nxe4 O-O 15.
a5 e5 16. Qc2 exd4 17. Nc5 Bxc5 18. Qxc5 Ne7 19. Qxd4 Qxd4 20. exd4 Bxg2 21.
Kxg2 Rfd8 22. Bf4 Nd5 23. Bd2 f6 24. Rfc1 Rb5 25. Rc6 Rd6 26. Rxd6 cxd6 27. Kf3
Kf7 28. Ke4 Ke6 29. Kd3 Ne7 30. Kc4 Nc6 31. h4 h5 32. Ra4 Rd5 33. Be3 g6 34. Ra1
Rb5 35. Bd2 Kf5 36. f3 Ke6 37. Re1+ Kd7 38. Ra1 Rf5 39. Rf1 Rxa5 40. d5 Rc5+ 41.
Kb3 Rxd5 42. Rf2 a5 43. Kc4 Rd4+ 44. Kb5 Rd3 45. Ka4 Nd4 46. g4 Rxf3 47. Rg2 Nc6
48. gxh5 gxh5 49. Rg7+ Ke6 50. Rc7 Kd5 51. Rb7 Rf2 52. Bh6 Rxb2 53. Kb5 Ra2 54.
Ka6 Nd4 55. Bg7 Ne6 0-1

[Event "World Rapid 2017"]
[Site "Riyadh KSA"]
[Date "2017.12.27"]
[Round "8.54"]
[White "Grigoriants, Sergey"]
[Black "Al Saidi, Mohammed Khalfan"]
[Result "1-0"]
[WhiteTitle "GM"]
[WhiteElo "2561"]
[BlackElo "1468"]
[WhiteFideId "4130804"]
[BlackFideId "22001271"]
[EventDate "2017.12.26"]

1. e4 c5 2. Nf3 Nc6 3. Bb5 d6 4. O-O Bg4 5. h3 Bh5 6. Re1 Qb6 7. Nc3 e6 8. g4
Bg6 9. d4 cxd4 10. Nxd4 a6 11. Ba4 Nf6 12. Nd5 exd5 13. exd5+ Kd8 14. dxc6 Kc7
15. cxb7 Rd8 16. Re3 d5 17. Rc3+ Bc5 18. Bf4+ Kxb7 19. Rb3 Bb4 20. a3 a5 21.
axb4 Ra8 1-0

[Event "World Rapid 2017"]
[Site "Riyadh KSA"]
[Date "2017.12.27"]
[Round "8.55"]
[White "Tregubov, Pavel V."]
[Black "Minko, Vladimir"]
[Result "1/2-1/2"]
[WhiteTitle "GM"]
[BlackTitle "IM"]
[WhiteElo "2575"]
[BlackElo "2381"]
[WhiteFideId "4115341"]
[BlackFideId "24146706"]
[EventDate "2017.12.26"]

1. d4 Nf6 2. c4 e6 3. Nc3 Bb4 4. e3 O-O 5. Bd3 d5 6. Ne2 c5 7. cxd5 exd5 8. a3
cxd4 9. axb4 dxc3 10. Nxc3 Nc6 11. b5 Ne5 12. O-O Qd6 13. h3 Nfg4 14. f4 Nxd3
15. Qxd3 Nf6 16. e4 Qb6+ 17. Be3 dxe4 18. Nxe4 Qd8 19. Qxd8 Rxd8 20. Nc3 a6 21.
f5 Bd7 22. bxa6 Rxa6 23. Rxa6 bxa6 24. Rd1 Re8 25. Bg5 Bxf5 26. Bxf6 gxf6 27.
Rf1 Re5 28. g4 Be6 29. Rxf6 h5 30. Kf2 hxg4 31. hxg4 Rg5 32. Kf3 Kg7 33. Rf4 a5
34. b4 axb4 35. Rxb4 Rxg4 36. Rxg4+ 1/2-1/2

[Event "World Rapid 2017"]
[Site "Riyadh KSA"]
[Date "2017.12.27"]
[Round "8.56"]
[White "Al Ghamdi, Ahmed M"]
[Black "Sanal, Vahap"]
[Result "0-1"]
[WhiteTitle "CM"]
[BlackTitle "GM"]
[WhiteElo "2159"]
[BlackElo "2551"]
[WhiteFideId "21500150"]
[BlackFideId "6300545"]
[EventDate "2017.12.26"]

1. e4 e5 2. Nf3 Nc6 3. Bb5 a6 4. Ba4 Nf6 5. O-O Be7 6. Re1 b5 7. Bb3 O-O 8. a4
Rb8 9. axb5 axb5 10. c3 d6 11. h3 Be6 12. d4 exd4 13. cxd4 d5 14. e5 Ne4 15.
Nbd2 Nxd2 16. Bxd2 Nb4 17. Bc3 Bf5 18. Qd2 Nd3 19. Qd1 Nxe1 20. Qxe1 Ra8 21. Rc1
Be4 22. Nd2 Bg6 23. Nf3 Qd7 24. Bb4 Bxb4 25. Qxb4 Ra6 26. e6 Qxe6 27. Ne5 c6 28.
Qc5 h5 29. Nxc6 Re8 30. Bxd5 Qf5 31. Ne5 Rf6 32. Rf1 Kh7 33. Qxb5 Rd8 34. Bf3
Rxd4 35. Re1 Re6 36. Qc5 Rf4 37. Re3 Ra4 38. Nd7 Rxe3 39. fxe3 Ra1+ 40. Kf2 Qxd7 0-1

[Event "World Rapid 2017"]
[Site "Riyadh KSA"]
[Date "2017.12.27"]
[Round "8.57"]
[White "Khader, Sami"]
[Black "Dervishi, Erald"]
[Result "0-1"]
[WhiteTitle "IM"]
[BlackTitle "GM"]
[WhiteElo "2392"]
[BlackElo "2552"]
[WhiteFideId "8100500"]
[BlackFideId "4700236"]
[EventDate "2017.12.26"]

1. e4 e5 2. Nc3 Nc6 3. f4 exf4 4. Nf3 g5 5. d4 d6 6. d5 Ne5 7. Bb5+ Bd7 8. Bxd7+
Nxd7 9. Qd4 Qf6 10. Qxf6 Ngxf6 11. Nxg5 Rg8 12. Bxf4 h6 13. Nf3 Rxg2 14. O-O-O
Rg4 15. Bd2 O-O-O 16. Rhg1 Rxg1 17. Rxg1 Re8 18. Re1 Ng4 19. h3 Nf2 20. Re2 Nxh3
21. Rh2 Ng5 22. Bxg5 hxg5 23. Nxg5 Ne5 24. Rh7 Re7 25. Nb5 Kd7 26. Nd4 f6 27.
Rxe7+ Kxe7 28. Nf5+ Kd7 29. Ne6 Ng6 30. Kd2 c6 31. c4 Be7 32. Kc3 Ne5 33. b4 Nf7
34. a4 Ng5 35. Nxg5 fxg5 36. Kd3 Bf6 37. c5 Be5 38. Ne3 dxc5 39. bxc5 cxd5 40.
exd5 Bh2 41. Ng4 Bg1 42. Kc4 a6 43. Nf6+ Ke7 44. Ng4 Kd7 45. Ne5+ Ke7 46. d6+
Ke6 47. d7 Ke7 48. Kd5 Bh2 49. Nf3 Bf4 50. c6 bxc6+ 51. Kxc6 g4 52. Nh4 Bg5 53.
Nf5+ Ke6 54. Ng3 Bd8 55. Ne4 Ke5 56. Ng3 Kd4 57. Kb7 a5 58. Kc6 Kc4 59. Kd6 Kb4
60. Ke6 Kxa4 61. Kf5 Kb3 62. Kxg4 a4 63. Ne4 a3 64. Nd2+ Kc2 65. Nf3 a2 66. Nd4+
Kb2 67. Nc6 a1=Q 68. Nxd8 Qa4+ 0-1

[Event "World Rapid 2017"]
[Site "Riyadh KSA"]
[Date "2017.12.27"]
[Round "8.58"]
[White "Abdyjapar, Asyl"]
[Black "Al Jabri, Mohammed Ali"]
[Result "0-1"]
[WhiteTitle "IM"]
[WhiteElo "2382"]
[BlackElo "2154"]
[WhiteFideId "13800337"]
[BlackFideId "7604734"]
[EventDate "2017.12.26"]

1. d4 d5 2. c4 Bf5 3. Nc3 e6 4. Nf3 c6 5. e3 Nf6 6. b3 Bd6 7. Bb2 O-O 8. Bd3
Bxd3 9. Qxd3 Nbd7 10. O-O Rc8 11. e4 dxe4 12. Nxe4 Nxe4 13. Qxe4 Nf6 14. Qe2 c5
15. Rfd1 Qe7 16. h3 Rfd8 17. dxc5 Bxc5 18. Ne5 Ba3 19. Bxa3 Qxa3 20. Rxd8+ Rxd8
21. Rd1 Qa5 22. Rxd8+ Qxd8 23. Qe3 b6 24. b4 h6 25. Nc6 Qd1+ 26. Kh2 Qd6+ 27.
Ne5 Qxb4 28. Qd4 Qe7 29. f4 Qc7 30. a4 Ne8 31. a5 Nd6 32. a6 f6 33. Nd3 Nxc4 34.
Qe4 Nd6 35. Qxe6+ Kh7 36. Nb4 b5 37. Nd5 Qb8 38. Qe7 Kh8 39. Nb4 Nf5 40. Qe4 Nd6
41. Qe6 Nc4 42. Nd5 Qd6 43. Qe8+ Kh7 44. Qxb5 Ne3 45. Qd3+ f5 46. Qxe3 Qxd5 47.
Qxa7 Qc4 48. Qb6 Qxf4+ 49. Kg1 Qc1+ 50. Kf2 Qd2+ 51. Kf3 Qd3+ 52. Kf4 Qe4+ 53.
Kg3 Qe5+ 54. Kf2 Qf4+ 55. Ke2 Qc4+ 56. Kd2 Qf4+ 57. Kc3 Qc1+ 58. Kb4 Qb2+ 59.
Kc5 Qc3+ 0-1

[Event "World Rapid 2017"]
[Site "Riyadh KSA"]
[Date "2017.12.27"]
[Round "8.59"]
[White "Bukannan, Ahmed A"]
[Black "Al-Saffar, Araz Basim Mohammed S"]
[Result "0-1"]
[BlackTitle "IM"]
[WhiteElo "1929"]
[BlackElo "2368"]
[WhiteFideId "21504164"]
[BlackFideId "4801040"]
[EventDate "2017.12.26"]

1. d4 e6 2. Nf3 b6 3. Bf4 Nf6 4. e3 Bb7 5. Nbd2 Be7 6. h3 O-O 7. Be2 d6 8. O-O
Nbd7 9. c3 Re8 10. Qc2 Bf8 11. Rfe1 e5 12. Bg5 e4 13. Nh2 h6 14. Bh4 g5 15. Bg3
Bg7 16. f3 Qe7 17. fxe4 Nxe4 18. Nxe4 Bxe4 19. Bd3 Nf6 20. Nf3 Bxd3 21. Qxd3 Ne4
22. Bf2 f5 23. d5 Qf7 24. Nd2 Re5 25. c4 Nxd2 26. Qxd2 Rae8 27. Rad1 Re4 28. b3
h5 29. Bg3 h4 30. Bf2 g4 31. Bxh4 gxh3 32. g3 Bh6 33. Qh2 Bxe3+ 34. Kh1 Qh5 35.
Qxh3 Bg5 36. Rf1 Bxh4 37. Qxf5 Qxf5 38. Rxf5 Re1+ 39. Rxe1 Rxe1+ 40. Kg2 Be7 41.
Rf2 Kg7 42. Kh2 Bf6 43. Kg2 Rb1 44. Kf3 Rb2 45. Rxb2 Bxb2 46. Kf4 Kg6 47. Kg4 a5
48. a4 Be5 49. Kh4 Kf5 50. g4+ Kg6 51. g5 Bf4 52. Kg4 Bxg5 53. Kf3 Kf5 54. Ke2
Ke4 0-1

[Event "World Rapid 2017"]
[Site "Riyadh KSA"]
[Date "2017.12.27"]
[Round "8.60"]
[White "Omar, Noaman"]
[Black "Al Abdali, Zeyad Saleh"]
[Result "1-0"]
[WhiteTitle "IM"]
[WhiteElo "2364"]
[BlackElo "1801"]
[WhiteFideId "9300244"]
[BlackFideId "21501505"]
[EventDate "2017.12.26"]

1. d4 Nf6 2. c4 c5 3. d5 e6 4. Nc3 d6 5. e4 g6 6. Nf3 Bg7 7. Bg5 O-O 8. h3 Na6
9. Bd3 Nc7 10. O-O a6 11. a4 e5 12. Qd2 Qe8 13. a5 Rb8 14. Na4 Nd7 15. b4 f5 16.
bxc5 dxc5 17. exf5 gxf5 18. Rae1 e4 19. Bf4 Qd8 20. Ng5 exd3 21. Ne6 Nxe6 22.
dxe6 Ne5 23. Bxe5 Bxe5 24. Rxe5 Qd4 25. Qg5+ Kh8 26. e7 Re8 27. Qf6+ Kg8 28.
Nxc5 Qxc4 29. Re3 f4 30. Re5 h6 31. Qg6+ Kh8 32. Qxh6+ Kg8 33. Qg6+ Kh8 1-0

[Event "World Rapid 2017"]
[Site "Riyadh KSA"]
[Date "2017.12.27"]
[Round "8.61"]
[White "Lam, Daniel King-wai"]
[Black "Alanazy, Mohammed"]
[Result "1-0"]
[WhiteTitle "FM"]
[WhiteElo "2222"]
[BlackElo "1850"]
[WhiteFideId "6001238"]
[BlackFideId "21508488"]
[EventDate "2017.12.26"]

1. d4 d5 2. c4 c6 3. Nf3 Nf6 4. Nbd2 Bf5 5. Nh4 Bg6 6. Nxg6 hxg6 7. e3 e6 8. g3
Nbd7 9. Bg2 Bd6 10. O-O Rc8 11. e4 dxe4 12. Nxe4 Nxe4 13. Bxe4 Kf8 14. Qe2 Bb8
15. Rd1 Nf6 16. Bg2 Qb6 17. Be3 Qa5 18. a3 Qh5 19. Qxh5 Rxh5 20. Bf3 Rh7 21. b4
Rd8 22. a4 Ng8 23. b5 cxb5 24. axb5 b6 25. d5 exd5 26. Rxd5 Rxd5 27. Bxd5 Ne7
28. Bf3 Nc8 29. c5 bxc5 30. Bxc5+ Ke8 31. Bc6+ Kd8 32. Rd1+ Bd6 33. Bxd6 Nxd6
34. Rxd6+ Kc7 35. Rd7+ Kb6 36. Rb7+ Kc5 37. Rxa7 f5 38. Rf7 Kb6 39. h4 Kc5 40.
Kg2 Kd6 41. f4 Kc5 42. Rf8 Kb6 43. Kf3 Kc5 44. Ke3 Rh6 45. Rg8 g5 46. hxg5 Re6+
47. Kf3 Re7 48. Re8 Ra7 49. Re5+ Kd4 50. Rd5+ Kc4 51. Rxf5 Ra3+ 52. Kg4 Kd4 53.
b6 g6 54. Rb5 Ke3 55. Bd5 Kf2 56. Rb3 Ra5 57. b7 Rxd5 58. b8=Q 1-0

[Event "World Rapid 2017"]
[Site "Riyadh KSA"]
[Date "2017.12.27"]
[Round "8.62"]
[White "Masrahi, Abdulrahman A"]
[Black "Amer, Said Salim Al Maashani"]
[Result "1/2-1/2"]
[WhiteTitle "CM"]
[BlackTitle "FM"]
[WhiteElo "1962"]
[BlackElo "2103"]
[WhiteFideId "21501564"]
[BlackFideId "22000100"]
[EventDate "2017.12.26"]

1. d4 d6 2. Nf3 Nf6 3. Bf4 c6 4. h3 Qb6 5. Qc1 g6 6. e3 Bg7 7. Be2 O-O 8. O-O
Nbd7 9. Bh2 Ne4 10. c4 c5 11. Nc3 Nxc3 12. bxc3 Qa5 13. Nd2 e5 14. Bf3 Qc7 15.
Qa3 Nb6 16. Rfd1 Be6 17. Be2 f5 18. Rab1 Rfd8 19. d5 Bf7 20. Qb3 Be8 21. Rdc1
Rab8 22. Qa3 Ra8 23. Bd1 Nd7 24. Ba4 Nf6 25. Bxe8 Rxe8 26. Qb3 b6 27. a4 Rab8
28. Qb5 g5 29. Rc2 g4 30. hxg4 Nxg4 31. Bg3 Rf8 32. Ra2 Qe7 33. Qc6 f4 34. exf4
exf4 35. Bh2 Nxh2 36. Kxh2 Qh4+ 37. Kg1 Rf6 38. Nf3 Qh5 39. Qd7 Rh6 40. Kf1 Qg6
41. Re1 Qd3+ 42. Rae2 Bxc3 43. Kg1 Bxe1 44. Re8+ Rxe8 45. Qxe8+ Kg7 46. Qe7+ Kg8
47. Qe8+ Kg7 48. Qe7+ Kg6 49. Qe6+ Kg7 50. Qe7+ Kg6 51. Qxd6+ 1/2-1/2

[Event "World Rapid 2017"]
[Site "Riyadh KSA"]
[Date "2017.12.27"]
[Round "8.63"]
[White "Al-Hajiri, Bader"]
[Black "Miswadah, Baha"]
[Result "1-0"]
[WhiteTitle "FM"]
[WhiteElo "2165"]
[BlackElo "1877"]
[WhiteFideId "10300163"]
[BlackFideId "11502118"]
[EventDate "2017.12.26"]

1. e4 c5 2. Nf3 g6 3. d4 cxd4 4. Nxd4 Bg7 5. Nc3 Nc6 6. Be3 Nf6 7. Nxc6 bxc6 8.
e5 Ng8 9. f4 Nh6 10. Qd2 O-O 11. h3 Nf5 12. Bf2 d5 13. g4 Nh6 14. f5 Qc7 15.
O-O-O Qxe5 16. Re1 Qd6 17. Na4 d4 18. f6 exf6 19. Qxd4 Qxd4 20. Bxd4 Be6 21. Bg2
Bd5 22. Bxd5 cxd5 23. Re7 Rfe8 24. Rhe1 Rec8 25. Bxa7 Bf8 26. Rb7 Re8 27. Rxe8
Rxe8 28. Bd4 Bg7 29. b4 g5 30. b5 f5 31. Bxg7 Kxg7 32. gxf5 Nxf5 33. b6 Nd6 34.
Rd7 Nc4 35. Rxd5 Rb8 36. Rxg5+ Kf6 37. Rb5 Rb7 38. Nc5 Re7 39. c3 Re1+ 40. Kc2
Re8 41. Rb4 Ne3+ 42. Kd3 Nd5 43. Rb3 Ne7 44. b7 Rd8+ 45. Kc2 Nc6 46. Rb6 Ke5 47.
Rxc6 Kd5 1-0

[Event "World Rapid 2017"]
[Site "Riyadh KSA"]
[Date "2017.12.27"]
[Round "8.64"]
[White "Al Juhani, Bakr"]
[Black "Al Habeeb, Emad"]
[Result "0-1"]
[WhiteElo "1854"]
[BlackElo "1933"]
[WhiteFideId "21500185"]
[BlackFideId "21500029"]
[EventDate "2017.12.26"]

1. e4 d6 2. d3 e5 3. Nf3 Nf6 4. g3 Bg4 5. Bg2 Be7 6. h3 Bd7 7. O-O O-O 8. Nbd2
Na6 9. Re1 Nc5 10. Nf1 h6 11. Ne3 c6 12. Nh4 g6 13. Bd2 Ne6 14. c3 Ng5 15. Ng4
Nxg4 16. hxg4 Qc8 17. f3 Kg7 18. Qc1 Rh8 19. Kf2 Ne6 20. Rh1 Nc5 21. Qc2 a5 22.
Be3 d5 23. exd5 cxd5 24. d4 exd4 25. Bxd4+ Bf6 26. Rae1 Bxd4+ 27. Kf1 Bb5+ 28.
Re2 Bf6 29. Kg1 Bxe2 30. Qxe2 Re8 31. Qd1 Qe6 32. Qd2 Qe3+ 0-1

[Event "World Rapid 2017"]
[Site "Riyadh KSA"]
[Date "2017.12.27"]
[Round "8.65"]
[White "Salama, Taher"]
[Black "Alem, Ali Hussien"]
[Result "0-1"]
[WhiteElo "1769"]
[BlackElo "1745"]
[WhiteFideId "11502231"]
[BlackFideId "21500088"]
[EventDate "2017.12.26"]

1. d4 Nf6 2. c4 e5 3. e3 exd4 4. exd4 Bb4+ 5. Nc3 O-O 6. Bd3 Nc6 7. a3 Bxc3+ 8.
bxc3 d5 9. Ne2 Re8 10. Bg5 dxc4 11. Bxc4 Be6 12. d5 Ne5 13. dxe6 Nxc4 14. exf7+
Kxf7 15. Qb3 Qd5 16. Rd1 Rxe2+ 17. Kxe2 Re8+ 18. Be3 Qh5+ 19. Ke1 b5 20. Kf1 Kg8
21. h3 Kh8 22. Kg1 Nxe3 23. fxe3 Qe5 24. Re1 Ne4 25. Qb4 Qg3 26. Re2 Rd8 27. Qb1
Nxc3 28. Qe1 Rd1 0-1

[Event "World Rapid 2017"]
[Site "Riyadh KSA"]
[Date "2017.12.27"]
[Round "8.66"]
[White "Al Bargi, Hassan M"]
[Black "Al Zamel, Khaled"]
[Result "1/2-1/2"]
[WhiteElo "1579"]
[BlackElo "1942"]
[WhiteFideId "21501475"]
[BlackFideId "21500967"]
[EventDate "2017.12.26"]

1. d4 d6 2. Bf4 c6 3. e3 Qc7 4. Nd2 Nf6 5. Ngf3 Bg4 6. h3 Bh5 7. Bd3 Nbd7 8. Bg3
e5 9. c3 Be7 10. Qc2 Bg6 11. Nh4 e4 12. Nxe4 Bxe4 13. Bxe4 Nxe4 14. Qxe4 Nf6 15.
Qd3 Nh5 16. Nf5 Nxg3 17. Nxg3 g6 18. O-O O-O 19. e4 Bf6 20. f4 Bg7 21. e5 Rad8
22. Qc2 c5 23. Rac1 Bh6 24. Ne4 dxe5 25. dxe5 Bg7 26. Rcd1 Qe7 27. Rxd8 Rxd8 28.
Rd1 b6 29. Rxd8+ Qxd8 30. Qd2 Qxd2 31. Nxd2 g5 32. g3 gxf4 33. gxf4 Bh6 34. Nf3
Bxf4 35. Kf2 Kf8 36. Ke2 Ke7 37. Kd3 Ke6 38. Ke4 Bc1 39. b3 h6 40. c4 Bb2 41. h4
Bc3 42. Kf4 Bb2 43. Ke4 a6 44. h5 b5 45. Kf4 bxc4 46. bxc4 a5 47. a4 f6 48. exf6
Bxf6 49. Kg4 Bc3 50. Kf4 Kf6 51. Kg4 Ke6 52. Kf4 Bb2 53. Ke4 Bc1 54. Ne5 Be3 55.
Kxe3 Kxe5 1/2-1/2

[Event "World Rapid 2017"]
[Site "Riyadh KSA"]
[Date "2017.12.27"]
[Round "9.3"]
[White "Esipenko, Andrey"]
[Black "Svidler, Peter"]
[Result "0-1"]
[WhiteTitle "FM"]
[BlackTitle "GM"]
[WhiteElo "2564"]
[BlackElo "2765"]
[WhiteFideId "24175439"]
[BlackFideId "4102142"]
[EventDate "2017.12.26"]

1. d4 Nf6 2. c4 g6 3. Nc3 d5 4. cxd5 Nxd5 5. e4 Nxc3 6. bxc3 Bg7 7. Qa4+ Qd7 8.
Bb5 c6 9. Be2 O-O 10. Qa3 e5 11. Nf3 exd4 12. cxd4 b6 13. Be3 Re8 14. e5 Bf8 15.
Qa4 Bb7 16. Rd1 c5 17. Qxd7 Nxd7 18. Bb5 Re7 19. dxc5 Nxc5 20. Bxc5 bxc5 21. O-O
Bxf3 22. gxf3 Rxe5 23. Rd7 Re7 24. Rfd1 Rb8 25. a4 Rb7 26. Rxb7 Rxb7 27. Rd8 Kg7
28. Rc8 Bd6 29. Rc6 Rb6 30. Rc8 Kf6 31. h3 Ke5 32. Re8+ Kd4 33. Re4+ Kc3 34.
Rc4+ Kb3 35. Re4 Rxb5 36. axb5 c4 37. Rd4 Bc5 38. Rd5 Bb6 0-1

[Event "World Rapid 2017"]
[Site "Riyadh KSA"]
[Date "2017.12.27"]
[Round "9.5"]
[White "Rapport, Richard"]
[Black "Pantsulaia, Levan"]
[Result "1/2-1/2"]
[WhiteTitle "GM"]
[BlackTitle "GM"]
[WhiteElo "2707"]
[BlackElo "2612"]
[WhiteFideId "738590"]
[BlackFideId "13602071"]
[EventDate "2017.12.26"]

1. e4 c6 2. d4 d5 3. exd5 cxd5 4. Nf3 Nc6 5. Bb5 Bg4 6. h3 Bxf3 7. Qxf3 Qa5+ 8.
Nc3 e6 9. O-O a6 10. Bxc6+ bxc6 11. Qg3 Nf6 12. Re1 Rc8 13. Bg5 Be7 14. Bd2 O-O
15. Bh6 Ne8 16. Rad1 Bf6 17. Bg5 Qb4 18. Bxf6 Nxf6 19. Qd3 a5 20. b3 c5 21. Na4
cxd4 22. Re2 Rc6 23. Qxd4 Qxd4 24. Rxd4 Rfc8 25. c3 Kf8 26. f3 Ne8 27. Kf2 Nd6
28. Rd3 g5 29. Re5 h6 30. g4 Kg7 31. Kg3 Kf6 32. Ree3 h5 33. Kg2 hxg4 34. hxg4
R8c7 35. Re1 Nb5 36. Rc1 Na7 37. Kg3 Nc8 38. Rh1 Ne7 39. Rh8 Ng6 40. Ra8 Nf4 41.
Rd2 Rc8 42. Rxa5 d4 43. c4 Rh8 44. Nc5 Rh3+ 45. Kf2 Rh2+ 46. Ke1 Rh1+ 47. Kf2
Rh2+ 48. Ke1 Ke5 1/2-1/2

[Event "World Rapid 2017"]
[Site "Riyadh KSA"]
[Date "2017.12.27"]
[Round "9.6"]
[White "Mamedov, Rauf"]
[Black "Quparadze, Giga"]
[Result "1/2-1/2"]
[WhiteTitle "GM"]
[BlackTitle "GM"]
[WhiteElo "2709"]
[BlackElo "2506"]
[WhiteFideId "13401653"]
[BlackFideId "13602250"]
[EventDate "2017.12.26"]

1. e4 c5 2. Nf3 e6 3. c3 d5 4. exd5 Qxd5 5. d4 Nc6 6. Na3 Qd8 7. Nc2 Nf6 8. Bd3
cxd4 9. Ncxd4 Nxd4 10. Nxd4 Bc5 11. Be3 Bb6 12. Bc2 Nd5 13. Qh5 Nxe3 14. fxe3
Bd7 15. O-O-O Qe7 16. Qe5 Qf6 17. Qe4 Bxd4 18. exd4 Qg5+ 19. Kb1 Bc6 20. Qd3
O-O-O 21. Rhf1 Rd7 22. g3 h5 23. h4 Qa5 24. Qe3 Rhd8 25. Rde1 Bd5 26. a3 Qb5 27.
Rf2 Rc7 28. Qd3 Qb6 29. Re5 g6 30. Kc1 Kb8 31. Rf6 a6 32. Qe3 Bb3 33. Rc5 Bxc2
34. Rxc7 Qxc7 35. Kxc2 Rd5 36. Qf4 Qxf4 37. Rxf4 f5 38. c4 Rd8 39. Kc3 Kc7 40.
Rf3 Rg8 41. Re3 Kd6 42. b4 g5 43. hxg5 Rxg5 44. c5+ Kd7 45. Kc4 Rg4 46. a4 h4
47. gxh4 Rxh4 48. b5 axb5+ 49. axb5 Rg4 50. Re2 Rh4 51. Re1 Rg4 52. b6 f4 53.
Re4 Rh4 54. Kb5 Rg4 55. c6+ bxc6+ 56. Ka6 Rg1 57. Rxf4 c5 58. Rf7+ Kd6 59. dxc5+
Kxc5 60. Rc7+ Kd6 61. Kb7 e5 62. Rc4 Rb1 63. Ka6 Kd5 64. Rc8 e4 65. b7 e3 66.
Re8 Kd4 67. Re6 Rxb7 68. Kxb7 Kd3 69. Kc6 e2 70. Kc5 Kd2 71. Rxe2+ 1/2-1/2

[Event "World Rapid 2017"]
[Site "Riyadh KSA"]
[Date "2017.12.27"]
[Round "9.7"]
[White "Cheparinov, Ivan"]
[Black "Kuzubov, Yuriy"]
[Result "1/2-1/2"]
[WhiteTitle "GM"]
[BlackTitle "GM"]
[WhiteElo "2710"]
[BlackElo "2699"]
[WhiteFideId "2905540"]
[BlackFideId "14112906"]
[EventDate "2017.12.26"]

1. d4 Nf6 2. c4 e6 3. Nf3 d5 4. g3 Bb4+ 5. Bd2 Be7 6. Bg2 c6 7. Qc2 O-O 8. O-O
b6 9. Rd1 Nbd7 10. Bf4 Bb7 11. Ne5 Nh5 12. Bd2 Nhf6 13. cxd5 cxd5 14. Nc6 Bxc6
15. Qxc6 a6 16. a4 Rc8 17. Qb7 Nb8 18. Na3 Qc7 19. Qxc7 Rxc7 20. e3 Rfc8 21. Bf1
Ne4 22. Be1 f5 23. Bd3 Kf7 24. f3 Nd6 25. Bd2 g6 26. h3 Nb7 27. Rdc1 Rxc1+ 28.
Rxc1 Rxc1+ 29. Bxc1 Bxa3 30. bxa3 a5 31. g4 Nd6 32. Kf2 Nc6 33. Ke2 e5 34. dxe5
Nxe5 35. Ba6 Ke6 36. Bb2 Ndc4 37. gxf5+ Kxf5 38. Bc8+ Kf6 39. Bd4 Ke7 40. e4
dxe4 41. fxe4 Nc6 42. Bf2 Nd6 43. Ba6 Nxe4 44. Bxb6 Kd6 45. Bb5 Nc3+ 46. Kd3 Nd5
47. Bf2 Ne5+ 48. Kd4 Nf3+ 49. Kd3 Ne5+ 50. Kd4 Nf3+ 51. Kd3 Ne5+ 52. Kd4 1/2-1/2

[Event "World Rapid 2017"]
[Site "Riyadh KSA"]
[Date "2017.12.27"]
[Round "9.8"]
[White "Dreev, Aleksey"]
[Black "Safarli, Eltaj"]
[Result "1/2-1/2"]
[WhiteTitle "GM"]
[BlackTitle "GM"]
[WhiteElo "2653"]
[BlackElo "2639"]
[WhiteFideId "4100107"]
[BlackFideId "13402129"]
[EventDate "2017.12.26"]

1. d4 Nf6 2. Nf3 g6 3. g3 Bg7 4. Bg2 O-O 5. O-O d5 6. c4 c6 7. Qb3 Qb6 8. Nc3
Rd8 9. Rd1 Qxb3 10. axb3 Bf5 11. Ne1 Na6 12. Bf4 Be6 13. c5 Nd7 1/2-1/2

[Event "World Rapid 2017"]
[Site "Riyadh KSA"]
[Date "2017.12.27"]
[Round "9.9"]
[White "Kravtsiv, Martyn"]
[Black "Harikrishna, Pentala"]
[Result "1/2-1/2"]
[WhiteTitle "GM"]
[BlackTitle "GM"]
[WhiteElo "2672"]
[BlackElo "2744"]
[WhiteFideId "14113147"]
[BlackFideId "5007003"]
[EventDate "2017.12.26"]

1. e4 c5 2. Nf3 e6 3. d4 cxd4 4. Nxd4 Nc6 5. Nc3 Qc7 6. Be2 a6 7. O-O Nf6 8. Be3
Be7 9. f4 d6 10. Kh1 O-O 11. Qe1 Nxd4 12. Bxd4 b5 13. Qg3 Bb7 14. a3 Bc6 15.
Rae1 Rad8 16. Bd3 Qd7 17. Nd1 Nh5 18. Qg4 Nf6 19. Qg3 Nh5 20. Qh3 Nxf4 21. Rxf4
e5 22. Rg4 exd4 23. e5 g6 24. e6 Qe8 25. Rxd4 f5 26. Qg3 d5 27. Nc3 Bc5 28. Rf4
d4 29. Nd1 Rd5 30. c4 bxc4 31. Bxc4 Bd6 32. Qb3 Bxf4 33. e7 Rf7 34. Bxd5 Bxd5
35. Qxd5 Bg5 36. b4 Bxe7 37. Qxd4 Qc6 38. Ne3 Bf6 39. Qc4 Qxc4 40. Nxc4 Rc7 41.
Rc1 f4 42. Kg1 g5 43. h3 h5 44. Kf1 g4 45. Rc2 Bh4 46. hxg4 hxg4 47. a4 f3 48.
gxf3 gxf3 49. Ne3 Re7 50. Rh2 Re4 51. b5 Rxa4 52. Rxh4 Rxh4 53. bxa6 Rh2 54. a7
Ra2 55. Ng4 Rxa7 56. Kf2 Kg7 57. Kxf3 Ra4 58. Ne3 Kf6 59. Ng4+ Kf5 60. Ne3+ Kg5
61. Nd5 Rd4 62. Ne3 Rf4+ 63. Ke2 Re4 64. Kf3 Rd4 65. Nc2 Rf4+ 66. Ke3 Kg4 67.
Nd4 Rf8 68. Ke4 Re8+ 69. Kd5 Kf4 70. Ne6+ Ke3 71. Ke5 Rg8 72. Kf5 Ra8 73. Ke5
Ra5+ 74. Kd6 Ke4 75. Nc5+ Kf5 76. Kd5 Ra1 77. Nd3 Rd1 78. Kd4 Rxd3+ 1/2-1/2

[Event "World Rapid 2017"]
[Site "Riyadh KSA"]
[Date "2017.12.27"]
[Round "9.10"]
[White "Bosiocic, Marin"]
[Black "Yu, Yangyi"]
[Result "0-1"]
[WhiteTitle "GM"]
[BlackTitle "GM"]
[WhiteElo "2624"]
[BlackElo "2751"]
[WhiteFideId "14507927"]
[BlackFideId "8603820"]
[EventDate "2017.12.26"]

1. d4 Nf6 2. c4 e6 3. Nf3 d5 4. g3 Bb4+ 5. Bd2 Be7 6. Bg2 O-O 7. O-O c6 8. Qc2
b6 9. b3 a5 10. Bc3 Ba6 11. Nbd2 Nbd7 12. e4 Rc8 13. Rfe1 c5 14. exd5 exd5 15.
Bb2 Re8 16. Qf5 cxd4 17. cxd5 g6 18. Qh3 Nxd5 19. Bxd4 Nc3 20. Bxc3 Rxc3 21. Ne4
Rd3 22. Bf1 Rxf3 23. Bxa6 Bb4 24. Red1 Rxe4 25. Rxd7 Qf6 26. Rf1 Bc5 27. Rd2 Qc3
28. Qh6 Rxg3+ 29. hxg3 Qxg3+ 0-1

[Event "World Rapid 2017"]
[Site "Riyadh KSA"]
[Date "2017.12.27"]
[Round "9.12"]
[White "Grischuk, Alexander"]
[Black "Bu, Xiangzhi"]
[Result "1/2-1/2"]
[WhiteTitle "GM"]
[BlackTitle "GM"]
[WhiteElo "2772"]
[BlackElo "2730"]
[WhiteFideId "4126025"]
[BlackFideId "8601445"]
[EventDate "2017.12.26"]

1. e4 e5 2. Nf3 Nf6 3. Nxe5 d6 4. Nf3 Nxe4 5. d4 d5 6. Bd3 Be7 7. O-O Nd6 8. Re1
O-O 9. Bf4 Re8 10. b3 Nc6 11. c3 g6 12. Nbd2 Bf5 13. Nf1 Qd7 14. Ne3 Be6 15. Qc2
f5 16. Ng5 Bxg5 17. Bxg5 Nf7 18. Bf4 g5 19. Be5 Nfxe5 20. dxe5 Rf8 21. Rad1 Qf7
22. Bf1 Rad8 23. c4 dxc4 24. Bxc4 Bxc4 25. Nxc4 Qe6 26. Qc3 f4 27. a4 a6 28. h3
Rxd1 29. Rxd1 f3 30. Qd2 fxg2 31. Qxg5+ Kh8 32. Rd3 b5 33. axb5 axb5 34. Nd2
Qxe5 35. Qxe5+ Nxe5 36. Re3 Ng6 37. Kxg2 Nf4+ 38. Kg3 Nh5+ 39. Kg2 Nf4+ 40. Kg3
Nh5+ 41. Kg2 Nf4+ 1/2-1/2